Capitales par pays - Statistiques

Statistiques générales
  • Ce quiz a été pris 49 fois
    14 depuis la dernière actualisation
  • Le résultat moyen est 31 sur 196
Réponses sur la Carte
Les réponses sont colorées sur une échelle allant du rouge au vert en fonction du pourcentage des utilisateurs qui les ont devinées à leur premier essai. Vous pouvez retrouver ces pourcentages ci-dessous.
 
Statistiques - réponses
Réponse % Correct
Andorre la vieille
82%
Canberra
73%
Bruxelles
55%
Buenos Aires
55%
Abou Dhabi
45%
Alger
45%
Athènes
45%
Berlin
45%
Brasilia
45%
Dublin
45%
Le Caire
45%
Lisbonne
45%
Londres
45%
Madrid
45%
Mexico
45%
Moscou
45%
New Delhi
45%
Ottawa
45%
Paris
45%
Rome
45%
Séoul
45%
Vienne
45%
Amsterdam
36%
Bucarest
36%
Budapest
36%
Helsinki
36%
Luxembourg
36%
Monaco
36%
Pékin
36%
Rabat
36%
Sri Jayawardenepura Kotte
36%
Stockholm
36%
Tokyo
36%
Varsovie
36%
Washington
36%
Berne
27%
Bogotá
27%
Harare
27%
La Valette
27%
Lima
27%
Luanda
27%
Lusaka
27%
Oslo
27%
Riyad
27%
Santiago
27%
Sarajevo
27%
Wellington
27%
Bagdad
18%
Belgrade
18%
Caracas
18%
Copenhague
18%
Érevan
18%
Guatemala
18%
Hanoï
18%
Jérusalem
18%
Kaboul
18%
Katmandou
18%
Khartoum
18%
La Havane
18%
Ouagadougou
18%
Oulan-Bator
18%
Panama
18%
Prague
18%
Pretoria
18%
Pyongyang
18%
Reykjavík
18%
Saint-Marin
18%
Sanaa
18%
Sofia
18%
Sucre
18%
Tachkent
18%
Tirana
18%
Vatican
18%
Vilnius
18%
Accra
9%
Addis-Abeba
9%
Amman
9%
Ankara
9%
Antananarivo
9%
Apia
9%
Asmara
9%
Astana
9%
Asuncion
9%
Bakou
9%
Bamako
9%
Bangkok
9%
Banjul
9%
Beyrouth
9%
Bichkek
9%
Bissau
9%
Bratislava
9%
Brazzaville
9%
Bridgetown
9%
Chișinău
9%
Conakry
9%
Dacca
9%
Dakar
9%
Damas
9%
Djibouti
9%
Djouba
9%
Doha
9%
Islamabad
9%
Jakarta
9%
Kampala
9%
Kingston
9%
Kinshasa
9%
Koweït
9%
Kuala Lumpur
9%
Kyiv
9%
Libreville
9%
Ljubljana
9%
Lomé
9%
Managua
9%
Manille
9%
Maputo
9%
Mascate
9%
Minsk
9%
Mogadiscio
9%
Montevideo
9%
Nairobi
9%
N'Djamena
9%
Niamey
9%
Nicosie
9%
Nouakchott
9%
Paramaribo
9%
Phnom Penh
9%
Podgorica
9%
Port-au-Prince
9%
Port-d'Espagne
9%
Port-Louis
9%
Port Moresby
9%
Praia
9%
Quito
9%
Riga
9%
Roseau
9%
Saint-Domingue
9%
Saint John's
9%
San José
9%
San Salvador
9%
São Tomé
9%
Singapour
9%
Skopje
9%
Suva
9%
Taipei
9%
Tallinn
9%
Tbilissi
9%
Tegucigalpa
9%
Téhéran
9%
Thimphou
9%
Tripoli
9%
Tunis
9%
Vaduz
9%
Victoria
9%
Vientiane
9%
Windhoek
9%
Yamoussoukro
9%
Yaoundé
9%
Zagreb
9%
Abuja
0%
Achgabat
0%
Bandar Seri Begawan
0%
Bangui
0%
Basseterre
0%
Belmopan
0%
Castries
0%
Dili
0%
Dodoma
0%
Douchanbé
0%
Freetown
0%
Funafuti
0%
Gaborone
0%
Georgetown
0%
Gitega
0%
Honiara
0%
Kigali
0%
Kingstown
0%
Lilongwe
0%
Majuro
0%
Malabo
0%
Malé
0%
Manama
0%
Maseru
0%
Mbabane
0%
Monrovia
0%
Moroni
0%
Nassau
0%
Naypyidaw
0%
Ngerulmud
0%
Nukuʻalofa
0%
Palikir
0%
Porto-Novo
0%
Port-Vila
0%
Ramallah
0%
Saint Georges
0%
Tarawa
0%
Yaren
0%
Aucun quiz correspondant
Distribution des résultats
% des personnes avec chaque résultat
Percentile par nombre de réponses
Votre historique - résultats
Vous n’avez pas pris ce quiz depuis la dernière actualisation